Email syntetický univerzálný vrchný SYNTETIKA S 2013 U.

Uložené v:
Podrobná bibliografia
Médium: Kniha
Jazyk:Slovak
Vydané: 2012.
Vydanie:1. vyd.
Témy:
On-line prístup:https://www.chemolak.sk/
Fyzický popis: 1 l.
Tagy: Pridať tag
Žiadne tagy, Buďte prvý kto otaguje tento záznam!

MARC

LEADER 00000nam#a22000003a#4500
001 000448921
003 SVKKK
005 20200414092756.0
008 140122s2012 xo |||| 0 slo#d
040 |a SVKKK  |b slo  |c SVKKK  |e AACR2 
041 0 # |a slo 
044 |a xo  |c SK 
080 |a 667.637.2  |2 2001 
110 2 |a CHEMOLAK a. s.  |c Továrenská 7, 919 04 Smolenice  |4 mfr 
245 1 0 |a Email syntetický univerzálný vrchný SYNTETIKA S 2013 U. 
250 |a 1. vyd. 
260 # |c 2012. 
300 |a 1 l. 
655 7 |a firemné prospekty  |2 SNKPH 
856 4 1 |u https://www.chemolak.sk/ 
910 |a svkkk 
998 |a FL 
090 |g SCKHL  |k SK42  |a 667.637.2  |j 228062  |i 448921-10  |4 zastaraná  |s Vyradená